[Event "Klatovy op-A"]
[Site "Klatovy"]
[Date "1997.??.??"]
[Round "?"]
[White "Hitzgerova, Gabriela"]
[Black "Duran, Tomas"]
[Result "0-1"]
[WhiteElo "2020"]
[BlackElo "2130"]

1.e4 d5 2.exd5 Qxd5 3.Nc3 Qd8 4.d4 Nf6 5.Nf3 Bg4 6.h3 Bh5 7.g4 Bg6 8.Ne5 e6
9.Bg2 c6 10.O-O Nbd7 11.Qe2 Nxe5 12.dxe5 Nd5 13.Ne4 Bxe4 14.Qxe4 Bc5 15.a3 a5
16.Rd1 Qh4 17.Qe2 h5 18.c4 hxg4 19.cxd5 gxh3 20.Bf3 Bxf2+ 21.Qxf2 h2+ 22.Kf1 h1=Q+
23.Bxh1 Qxh1+ 24.Ke2 Qh5+ 25.Qf3 Qxe5+ 26.Kf1 cxd5 27.Re1 Qh5 28.Qxh5 Rxh5
29.Kg2 Rc8 30.Re2 Rc4 31.Be3 d4 32.Bg1 a4 33.Rd1 Rd5 34.Kf3 Ke7 35.Red2 e5
36.Ke4 Ke6 37.Rf1 f5+ 38.Kd3 b5 39.Rg2 Kf6 40.Rc2 e4+ 41.Kd2 e3+ 42.Kd3 Rxc2
43.Kxc2 d3+  0-1

[Event "Klatovy op-A"]
[Site "Klatovy"]
[Date "1997.??.??"]
[Round "?"]
[White "Cejkova, Miroslava"]
[Black "Jirovsky, Milos"]
[Result "1-0"]
[WhiteElo "2135"]
[BlackElo "2460"]

1.e4 d5 2.exd5 Qxd5 3.Nc3 Qd6 4.Bc4 Nf6 5.d3 a6 6.Nge2 b5 7.Bb3 Bb7 8.O-O Nbd7
9.Ng3 e6 10.Qe2 Qc6 11.f3 h5 12.Nge4 h4 13.Ng5 Bc5+ 14.Be3 Ng4 15.d4 Nxe3
16.Qxe3 Ba7 17.Nce4 Rh6 18.c3 Nf6 19.Qf4 h3 20.Nxh3 Nxe4 21.fxe4 Rf6 22.Qh4 Qxe4
23.Qh8+ Ke7 24.Qxg7 Qg6 25.Qxf6+ Qxf6 26.Rxf6 Kxf6 27.Rf1+ Ke7 28.Ng5 Rf8
29.h4 c5 30.dxc5 Bxc5+ 31.Kh2 Be3 32.Nf3 Rg8 33.Kh3 Bf4 34.g4 Bc8 35.Re1 Bb7
36.Rf1 Rd8 37.g5 f5 38.Nd4 e5 39.Nxf5+ Kf8 40.Kg4 Rd2 41.g6  1-0

[Event "Komarno op"]
[Site "Komarno"]
[Date "1997.??.??"]
[Round "?"]
[White "Bokros, Albert"]
[Black "Jirovsky, Pavel"]
[Result "1/2-1/2"]
[WhiteElo "2260"]
[BlackElo "2360"]

1.e4 d5 2.exd5 Qxd5 3.Nc3 Qd6 4.d4 Nf6 5.Bc4 a6 6.Bb3 Nc6 7.Nge2 b5 8.Bf4 Qd7
9.Qd2 Bb7 10.O-O Na5 11.Ng3 Nxb3 12.axb3 e6 13.Be5 Be7 14.Qe2 O-O 15.Rad1 Rfd8
16.Nce4 Nxe4 17.Nxe4 f6  1/2-1/2

[Event "US-op"]
[Site "Las Vegas"]
[Date "1997.??.??"]
[Round "2"]
[White "Anderson, Renard"]
[Black "Radonich, B."]
[Result "1-0"]
[WhiteElo "2365"]
[BlackElo "2030"]

1.e4 d5 2.exd5 Qxd5 3.Nc3 Qd8 4.d4 e6 5.Nf3 Nf6 6.Bd3 h6 7.O-O Be7 8.Qe2 O-O
9.Ne4 Nxe4 10.Qxe4 f5 11.Qe2 Nc6 12.c3 Kh8 13.Bd2 a6 14.Rad1 Bf6 15.Rfe1 Bd7
16.Bc1 b5 17.a4 Na7 18.axb5 axb5 19.Bf4 b4 20.Ra1 Re8 21.Ra5 Nc6 22.Rxa8 Qxa8
23.Bxc7 Qc8 24.Bd6 bxc3 25.bxc3 Be7 26.Ba6 Qd8 27.Be5 Qb6 28.Bd3 Qa5 29.Qd2 Rc8
30.Qxh6+  1-0

[Event "CRO-chT2"]
[Site "Medulin"]
[Date "1997.??.??"]
[Round "?"]
[White "Damjanovic, Mato"]
[Black "Muse, Drazen"]
[Result "1-0"]
[WhiteElo "2320"]
[BlackElo "2335"]

1.e4 d5 2.exd5 Qxd5 3.Nc3 Qd6 4.d4 Nf6 5.Nb5 Qd8 6.c4 g6 7.Bf4 Na6 8.Be5 Bg7
9.Be2 O-O 10.Nf3 Bd7 11.Nc3 c5 12.d5 Qb6 13.O-O Rfd8 14.a4 Nb4 15.a5 Qa6
16.Qb3 Ne8 17.Ne4 b6 18.Rfe1 Bf5 19.Bf1 Nd6 20.Nxd6 exd6 21.Bxg7 Kxg7 22.Qc3+ Kg8
23.Re7 Re8 24.Rae1 Rxe7 25.Rxe7 Rf8 26.Qf6 h6 27.Qxd6 Qxa5 28.Qf6 Qa1 29.Ne5 Qxb2
30.Rxf7 Rxf7 31.Qxf7+ Kh8 32.Qf8+ Kh7 33.Qe7+ Kh8 34.g4  1-0

[Event "JUG-chT"]
[Site "Niksic"]
[Date "1997.??.??"]
[Round "2"]
[White "Velickovic, Sasa"]
[Black "Vukovic, Zdravko"]
[Result "1/2-1/2"]
[WhiteElo "2395"]
[BlackElo "2410"]

1.e4 d5 2.exd5 Qxd5 3.Nc3 Qd8 4.d4 Nf6 5.h3 c6 6.Nf3 Bf5 7.Bd3 Bxd3 8.Qxd3 e6
9.O-O Be7 10.Ne4 Nxe4 11.Qxe4 Nd7 12.c4 O-O 13.Bf4 a5 14.Rfd1 a4 15.Rac1 Qa5
16.Qc2 Nf6 17.Ne5 Rfd8 18.Qe2 Nd7 19.Nf3 Nf8 20.Bd2 Qb6 21.Be3 Qa6 22.Qc2 Ng6
23.Qe4 b5 24.b3 bxc4 25.Rxc4 axb3 26.axb3 Qb5 27.Qc2 Ra6 28.Rc1 h6 29.Nd2 Bb4
30.Rxc6 Bxd2 31.Rc5 Qb7 32.Bxd2 Rxd4 33.Be3 Rd7 34.Rc4 Rad6 35.b4 f5 36.Rc7 Qd5
37.Rxd7 Rxd7 38.Qc6 f4 39.Qxd5 Rxd5 40.Rc8+ Kf7 41.Bc5 f3 42.gxf3 Ne5 43.Rc7+ Kf6
44.Kg2 Nd3 45.Bf8 g5 46.Bxh6 Nxb4 47.f4 gxf4 48.Bxf4 Rd3 49.Bg3 Nd5 50.Rc8 Kf5
51.Rf8+ Kg6 52.Be5 Rb3 53.h4 Ne7 54.Rf6+ Kh5 55.Rxe6 Ng6 56.Bg3 Nxh4+ 57.Kf1 Nf3
58.Bh2 Rb1+ 59.Kg2 Nh4+ 60.Kh3 Nf3 61.Re3 Nxh2 62.Kxh2 Kg4  1/2-1/2

[Event "JUG-chT"]
[Site "Niksic"]
[Date "1997.??.??"]
[Round "8"]
[White "Certic, Branimir"]
[Black "Marinkovic, Ivan"]
[Result "0-1"]
[WhiteElo "2435"]
[BlackElo "2505"]

1.e4 d5 2.exd5 Qxd5 3.Nc3 Qd8 4.d4 Nf6 5.Bg5 c6 6.Qd3 Qa5 7.Nf3 Bf5 8.Qd2 Nbd7
9.Bc4 e6 10.Nh4 Bb4 11.Nxf5 Qxf5 12.Bd3 Qa5 13.O-O Nd5 14.f4 Bxc3 15.bxc3 Qxc3
16.Qxc3 Nxc3 17.f5 O-O 18.Rae1 Rfe8 19.fxe6 Rxe6 20.Bf5 Ree8 21.Rxe8+ Nf8
22.Re7 b5 23.Rc7 Ne2+ 24.Kf2 Nxd4 25.Rc8 Rxc8 26.Bxc8 Nxc2 27.Be7 a5 28.Ke2 Ne6
29.g4 Nb4 30.a3 Nd5 31.Bd6 Nb6 32.Bb7 Nc4 33.Be7 f6  0-1

[Event "JUG-chT"]
[Site "Niksic"]
[Date "1997.??.??"]
[Round "10"]
[White "Markovic, Zoran S"]
[Black "Marinkovic, Ivan"]
[Result "0-1"]
[WhiteElo "2095"]
[BlackElo "2505"]

1.e4 d5 2.exd5 Qxd5 3.Nc3 Qd8 4.d4 Nf6 5.Bg5 c6 6.Qd2 Bf5 7.Nf3 e6 8.Nh4 h6
9.Bxf6 Qxf6 10.Nxf5 Qxf5 11.Bd3 Qa5 12.Ne2 Qxd2+ 13.Kxd2 Nd7 14.c3 g6 15.Kc2 Bg7
16.Rad1 Nf6 17.Rhe1 Ng4 18.f3 Ne3+ 19.Kd2 Nxd1 20.Kxd1 O-O-O 21.Kc2 e5 22.dxe5 Bxe5
23.f4 Bc7 24.Rf1 Rhe8 25.g3 Re6 26.Nc1 b5 27.a4 a6 28.axb5 cxb5 29.f5 g5
30.Be2 f6 31.Bh5 Kb7 32.Nb3 Kb6 33.Nd4 Be5 34.Nxe6 Rd6 35.Bf3 a5 36.Kc1 a4
37.Kc2 a3 38.c4 bxc4  0-1

[Event "Ontario"]
[Site "Ontario"]
[Date "1997.??.??"]
[Round "1"]
[White "Kiviaho, Bob"]
[Black "Day, Lawrence A"]
[Result "1/2-1/2"]
[WhiteElo "2180"]
[BlackElo "2400"]

1.e4 d5 2.exd5 Qxd5 3.Nc3 Qd6 4.Nf3 Nf6 5.d3 g6 6.Bg5 Bg7 7.Qd2 Bg4 8.Be2 Nbd7
9.O-O O-O 10.Rfe1 Rfe8 11.h3 Bxf3 12.Bxf3 c6 13.d4 e6 14.a4 a5 15.Nd1 Nd5
16.Ra3 b6 17.Rb3 Rac8 18.Ne3 Nxe3 19.Bxe3 c5 20.dxc5 Qxd2 21.Bxd2 Nxc5 22.Rxb6 Nxa4
23.Rc6 Nxb2 24.Bxa5 Nc4 25.Bc7 Na3 26.Be4 Nb5 27.Bb6 Nc3 28.Rxc8 Rxc8 29.Bd3 Nd5
30.Ba5 Bc3 31.Bxc3 Rxc3 32.Rd1 f5 33.Kf1 Kf7 34.Ke1 Ra3 35.h4 Nc3 36.Rc1 e5
37.Kd2 Kf6 38.g3 e4 39.Bc4 e3+ 40.fxe3 Ne4+ 41.Ke2 Nxg3+ 42.Kf3 Ne4 43.Rd1 h6
44.Rd7 g5 45.hxg5+ hxg5 46.Bb3 Ra1 47.Bc4 Rg1 48.Bd3 Rg3+ 49.Ke2 Rg2+ 50.Kf1 Rf2+
51.Ke1 Rh2 52.c4 g4 53.Bxe4 fxe4 54.Rd5 g3 55.Kf1 Rf2+ 56.Kg1 Re2 57.c5 Ke6
58.Rd8 Rxe3 59.Kg2 Rc3 60.Rg8 Kd5 61.Rxg3 Rxc5 62.Rg5+ Kd4 63.Rxc5 Kxc5 64.Kf2 Kd5
65.Ke3 Ke5 66.Ke2 Kd4 67.Kd2 e3+ 68.Ke2 Ke4 69.Ke1  1/2-1/2

[Event "RUS-chT"]
[Site "Orel"]
[Date "1997.??.??"]
[Round "?"]
[White "Rogovskoy, Alexander"]
[Black "Zaitsev, Vadim"]
[Result "1/2-1/2"]
[WhiteElo "2405"]
[BlackElo "2325"]

1.e4 d5 2.exd5 Qxd5 3.Nc3 Qd6 4.d4 Nf6 5.Nf3 a6 6.Ne5 c5 7.Be3 cxd4 8.Qxd4 Nc6
9.Qxd6 exd6 10.Nc4 Be6 11.O-O-O d5 12.Nb6 Rd8 13.Bg5 d4 14.Bxf6 gxf6 15.Ne4 Be7
16.a3 Ne5 17.f3 f5 18.Nd2 d3 19.Re1 Bf6 20.f4 Ng4 21.Bxd3 Nf2 22.Rhf1 Nxd3+
23.cxd3 Rxd3 24.Kc2 Rd4 25.Nf3 Re4 26.Nd2 Rd4 27.Nf3 Re4 28.Nd2 Rxe1 29.Rxe1 O-O
30.Nf3 Rd8  1/2-1/2

[Event "Paris op"]
[Site "Paris"]
[Date "1997.??.??"]
[Round "?"]
[White "Tkachiev, Vladislav"]
[Black "Gerard, Nicolas"]
[Result "1-0"]
[WhiteElo "2630"]
[BlackElo "2215"]

1.e4 d5 2.exd5 Qxd5 3.Nc3 Qd6 4.d4 Nf6 5.Bg5 c6 6.Qd2 Bf5 7.Nge2 Nbd7 8.f3 e5
9.O-O-O Be7 10.Qe1 Nd5 11.Bxe7 Nxe7 12.g4 Bg6 13.Qg3 f6 14.dxe5 Qxe5 15.f4 Qa5
16.Nd4 Nc5 17.Qe3 Kf8 18.Bc4 Re8 19.Qf2 Bf7 20.Bxf7 Kxf7 21.Ndb5 Qb6 22.Nd6+ Kf8
23.Qd4 Rd8 24.Qc4 Nd5 25.Nxd5 cxd5 26.Qxd5 Qc7 27.Rhe1  1-0

[Event "ESP-chT"]
[Site "Ponferrada"]
[Date "1997.??.??"]
[Round "8"]
[White "Rivera Kuzawka, Daniel"]
[Black "Garcia Ilundain, David"]
[Result "1/2-1/2"]
[WhiteElo "2370"]
[BlackElo "2495"]

1.e4 d5 2.exd5 Qxd5 3.Nc3 Qd8 4.d4 Nf6 5.Nf3 c6 6.Bc4 Bf5 7.O-O e6 8.Bf4 Be7
9.Bd3 Bg4 10.Ne4 Nxe4 11.Bxe4 Nd7 12.h3 Bh5 13.c3 Nf6 14.Bd3 O-O 15.Be2 c5
16.Be5 Qb6 17.Qb3 Qxb3 18.axb3 Nd5 19.dxc5 Bxc5 20.b4 Bb6 21.Rfe1 Rfd8 22.Nd2 Bxe2
23.Rxe2 Rac8 24.Nb3 f6 25.Bg3 e5 26.Rd1 Ne7 27.Rxd8+ Rxd8 28.Rd2 Nf5 29.Rxd8+ Bxd8
30.Bh2 Kf7 31.Kf1 a6  1/2-1/2

[Event "CRO-Cup"]
[Site "Pula"]
[Date "1997.??.??"]
[Round "?"]
[White "Stevic, Hrvoje"]
[Black "Loncar, Robert"]
[Result "1-0"]
[WhiteElo "2400"]
[BlackElo "2390"]

1.e4 d5 2.exd5 Qxd5 3.Nc3 Qd6 4.d4 Nf6 5.Bc4 a6 6.Nge2 Qc6 7.Bb3 Qxg2 8.Rg1 Qh3
9.Bf4 Qd7 10.Qd3 Nc6 11.a3 Na5 12.Ba2 b5 13.O-O-O Bb7 14.b4 Nc4 15.Bxc4 bxc4
16.Qxc4 c6 17.Na4 Qd5 18.Nb6 Qxc4 19.Nxc4 Rd8 20.Na5 Rd7 21.Be5 g6 22.Nc3 Bg7
23.Na4 O-O 24.Nc5 Bc8 25.Nxc6 Bh6+ 26.Kb2 Nd5 27.c4 f6 28.Bg3 Nb6 29.Kb3 e5
30.Nxd7 Bxd7 31.d5 Kf7 32.a4 Bg4 33.Rde1 Bf3 34.Rd1 Bxd1+ 35.Rxd1 Rc8 36.c5 Nxd5
37.Nxe5+ Ke6 38.Nc4 Rg8 39.Nb6 Ne7 40.Rd6+ Kf7 41.Nd5 Nxd5 42.Rxd5 f5 43.Rd7+ Ke6
44.Rd6+ Kf7 45.Be5 Re8 46.f4 a5 47.b5 Bf8 48.b6 Bxd6 49.Bxd6 Re1 50.Kc4 Rb1
51.Kd5 g5 52.fxg5 Rb4 53.c6  1-0

[Event "Saint Affrique op"]
[Site "Saint Affrique"]
[Date "1997.??.??"]
[Round "7"]
[White "Santo Roman, Marc"]
[Black "Hauchard, Arnaud"]
[Result "1/2-1/2"]
[WhiteElo "2385"]
[BlackElo "2485"]

1.e4 d5 2.exd5 Qxd5 3.Nc3 Qd6 4.d4 Nf6 5.Nf3 a6 6.Bg5 Bg4 7.Be2 e6 8.h3 Bh5
9.Qd2 Be7 10.O-O-O Nc6 11.Bf4 Qd7 12.d5 exd5 13.Nxd5 O-O-O 14.Nxe7+ Qxe7
15.Qe3 Qxe3+ 16.Bxe3 Nd5 17.Bd2 Rhe8 18.Rhe1 f6 19.c3 Re4 20.g4 Bg6 21.Nh4 Nf4
22.Bxf4 Rxf4 23.Rxd8+  1/2-1/2

[Event "Seefeld op"]
[Site "Seefeld"]
[Date "1997.??.??"]
[Round "?"]
[White "Hoffmann, Hendrik"]
[Black "Voss, Ingo"]
[Result "1-0"]
[WhiteElo "2265"]
[BlackElo "2225"]

1.e4 d5 2.exd5 Qxd5 3.Nc3 Qd6 4.d4 Nf6 5.Bc4 a6 6.Nge2 Qc6 7.Qd3 Qxg2 8.Rg1 Qh3
9.Qxh3 Bxh3 10.Nf4 Bf5 11.Nfd5 Nxd5 12.Nxd5 Kd7 13.Bf4 Nc6 14.Nxc7 Ra7 15.Nd5 b5
16.Ne3 bxc4 17.Nxf5 g6 18.Ne3 Bg7 19.O-O-O Rc8 20.Nxc4 Rb7 21.c3 Ke8 22.Rge1 Kf8
23.d5 Nb4 24.d6 Nxa2+ 25.Kc2 e5 26.d7 Rd8 27.Nxe5 Bxe5 28.Rxe5 Rbxd7 29.Rxd7 Rxd7
30.Bh6+  1-0

[Event "Seefeld op"]
[Site "Seefeld"]
[Date "1997.??.??"]
[Round "?"]
[White "Lawitsch, Guenther"]
[Black "Voss, Ingo"]
[Result "1/2-1/2"]
[WhiteElo "2300"]
[BlackElo "2230"]

1.e4 d5 2.exd5 Qxd5 3.Nc3 Qd6 4.d4 Nf6 5.Nf3 a6 6.Ne5 Nc6 7.Nxc6 Qxc6 8.Bf4 e6
9.a3 Bd6 10.Bxd6 Qxd6 11.Qd2 Bd7 12.Be2 Bc6 13.O-O O-O 14.Rad1 Rad8 15.Qe3 Rd7
16.Rd3 Rfd8 17.Bf3 h6 18.Rfd1 Kf8 19.Ne4 Bxe4 20.Bxe4 Nxe4 21.Qxe4 Qb6 22.h3 Qxb2
23.Rb3 Qa2 24.Rxb7 Qxa3 25.Rb3 Qa4 26.Rb7 Rxd4 27.Rxd4 Qxd4 28.Qxd4 Rxd4
29.Rxc7 Rd1+ 30.Kh2 a5 31.c4 Rc1 32.Ra7 Rxc4 33.Rxa5  1/2-1/2

[Event "Sitges op"]
[Site "Sitges"]
[Date "1997.??.??"]
[Round "5"]
[White "Hansen, Lars"]
[Black "Pinazo Donoso, Jordi"]
[Result "1-0"]
[WhiteElo "2330"]
[BlackElo "2175"]

1.e4 d5 2.exd5 Qxd5 3.Nc3 Qd6 4.d4 Nf6 5.Nf3 a6 6.Be2 Bf5 7.O-O Nc6 8.Be3 O-O-O
9.Qc1 Nb4 10.Ne5 Bg6 11.a3 Nbd5 12.Nxd5 Nxd5 13.c4 Nxe3 14.fxe3 c5 15.Rd1 e6
16.b4 cxd4 17.exd4 f6 18.c5 Qc7 19.Nc4 Be4 20.Nb6+ Kb8 21.Bc4 Qc6 22.Qb2 Ka7
23.b5 Qc7 24.Nd5 Qc8 25.Nc3 axb5 26.Nxe4 bxc4 27.Qb6+ Ka8 28.Kh1 Be7 29.Qa5+ Kb8
30.Rab1 Qc7 31.Rb6 f5 32.Nc3 Bxc5 33.dxc5 Rxd1+ 34.Nxd1 Rd8 35.Nc3 Qe5 36.Rb1 Re8
37.Qb4 Qc7 38.h3 Qc6 39.a4 Re7 40.Nb5 Rd7 41.Nd6 Rc7 42.Nb5 Rd7 43.Nd6 Qa6
44.Kh2 f4 45.Qe1 Re7 46.Qe5 Ka8 47.Rb6 Qxa4 48.Rb1 Qc6 49.Ra1+ Kb8 50.Nb5+  1-0

[Event "Oberliga Wuert9798"]
[Site "Wuerttemberg"]
[Date "1998.01.11"]
[Round "6"]
[White "Naegele, Thomas"]
[Black "Mokosch, Andreas"]
[Result "1/2-1/2"]
[WhiteElo "2195"]
[BlackElo "2160"]

1.e4 d5 2.exd5 Qxd5 3.Nc3 Qd8 4.d4 Nf6 5.Bg5 c6 6.Bc4 Bg4 7.f3 Bf5 8.Nge2 e6
9.O-O Be7 10.Qd2 h6 11.Bh4 Nbd7 12.Rad1 O-O 13.Bb3 a6 14.Bf2 b5 15.Ng3 Bh7
16.Nce4 Qc7 17.Nxf6+  1/2-1/2

[Event "RUS-Cup02"]
[Site "Moscow"]
[Date "1998.01.24"]
[Round "4"]
[White "Kharlov, Andrei"]
[Black "Vokarev, Sergey"]
[Result "1-0"]
[WhiteElo "2560"]
[BlackElo "2485"]

1.e4 d5 2.exd5 Qxd5 3.Nc3 Qd6 4.g3 Nf6 5.Bg2 c6 6.Nf3 Bf5 7.O-O e6 8.d4 Be7
9.Ne5 h5 10.h3 Nbd7 11.f4 Nb6 12.g4 hxg4 13.hxg4 Nxg4 14.Nxg4 Bxg4 15.Qxg4 Qxd4+
16.Rf2 Bh4 17.Ne4 Bxf2+ 18.Nxf2 O-O-O 19.c3 Qc5 20.Qe2 Qd6 21.Qf3 Nc4 22.b4 Rd7
23.Qg3 f5 24.Qg5 Rhd8 25.a4 Qf8 26.Qh5 Qf6 27.Qf3 Nd2 28.Bxd2 Rxd2 29.b5 R2d6
30.Qe3 R8d7 31.Qxa7 Qxc3 32.Qa8+ Kc7 33.b6+ Kxb6 34.Rb1+ Kc5 35.Qa7+ Kc4
36.Bf1+ Rd3 37.Nxd3 Rxd3 38.Rd1 c5  1-0

[Event "CZE-chT 9798"]
[Site "CZE"]
[Date "1998.03.08"]
[Round "9"]
[White "Sluka, Radek"]
[Black "Jirovsky, Milos"]
[Result "0-1"]
[WhiteElo "2380"]
[BlackElo "2435"]

1.e4 d5 2.exd5 Qxd5 3.Nc3 Qd6 4.d4 Nf6 5.Nf3 a6 6.h3 Bf5 7.Bc4 Nc6 8.O-O e6
9.Ne2 Be7 10.Bf4 Qd7 11.c3 O-O 12.Ng3 Bg6 13.Nh4 Nd5 14.Nxg6 hxg6 15.Bd2 Rad8
16.Bb3 Na5 17.Bc2 Nc4 18.Bc1 c5 19.Qe2 b5 20.dxc5 Bxc5 21.Ne4 Bb6 22.a4 Qc6
23.axb5 axb5 24.Ng5 e5 25.Qg4 f5 26.Qh4 Nf6 27.Bb3 Rd5 28.Bc2 Rfd8 29.Re1 e4
30.b3 Ne5 31.c4 bxc4 32.Be3 Bxe3 33.Rxe3 Rd2 34.Rc3 Re2 35.Qg3 Qc5 36.b4 Qd4
37.Ra5 Re1+ 38.Kh2 Neg4+ 39.hxg4 Nxg4+ 40.Qxg4 fxg4  0-1

[Event "CZE-chT 9798"]
[Site "CZE"]
[Date "1998.04.05"]
[Round "11"]
[White "Jirovsky, Milos"]
[Black "Zigo, Viktor"]
[Result "1/2-1/2"]
[WhiteElo "2435"]
[BlackElo "2340"]

1.e4 d5 2.exd5 Qxd5 3.Nc3 Qd6 4.Bc4 Nf6 5.d3 Bg4 6.Nge2 Nc6 7.h3 Bxe2 8.Nxe2 e6
9.Bf4 Qd7 10.O-O Na5 11.Bb3 Be7 12.Nc3 Nxb3 13.axb3 O-O 14.Qf3 c5 15.Rfe1 Rfd8
16.Be5 Nd5 17.Nxd5 Qxd5 18.Qg3 f6 19.Bc3 Bd6 20.Qg4 Kf7 21.Ra4 b5 22.Rae4 b4
23.Bd2 Be5 24.Bf4 Bxf4 25.Qxf4 Rd6 26.Qe3 Ra6 27.Rc4 Rc8 28.d4 Rac6 29.Ra1 R8c7
30.dxc5 Rxc5 31.Rxc5 Qxc5 32.Qxc5  1/2-1/2

[Event "Dreifluesse op"]
[Site "Passau"]
[Date "1998.04.11"]
[Round "3"]
[White "Jediss, Harald"]
[Black "Loesch, Yvonne"]
[Result "1-0"]
[WhiteElo "1849"]
[BlackElo "2105"]

1.e4 d5 2.exd5 Qxd5 3.Nc3 Qd6 4.d4 Nf6 5.Be2 a6 6.Bf3 e6 7.Nge2 Be7 8.O-O O-O
9.a3 Rd8 10.Bf4 Qd7 11.Ne4 Nxe4 12.Bxe4 Nc6 13.c3 Bd6 14.Bg3 b6 15.f4 Bb7
16.f5 exf5 17.Bxf5 Qe7 18.Qc2 g6 19.Bd3 b5 20.a4 b4 21.Bc4 Rf8 22.Nf4 Qg5
23.Rae1 Ne7 24.Nh3  1-0

[Event "Dreifluesse op"]
[Site "Passau"]
[Date "1998.04.11"]
[Round "3"]
[White "Liebold, Thomas"]
[Black "Mokosch, Andreas"]
[Result "1/2-1/2"]
[WhiteElo "1920"]
[BlackElo "2160"]

1.e4 d5 2.exd5 Qxd5 3.Nc3 Qd8 4.d4 Nf6 5.Be2 c6 6.Bf4 Bf5 7.Nf3 h6 8.h3 e6
9.Bd3 Bxd3 10.Qxd3 Na6 11.O-O Be7 12.Ne4 O-O 13.Rfd1 Nxe4 14.Qxe4 Qd5 15.Qxd5 cxd5
16.c3 Rfc8 17.a4 Nc7 18.Bxc7 Rxc7 19.Ne5 Bd6 20.Nd3 g6  1/2-1/2

[Event "SVR-ch MA"]
[Site "Nickenich"]
[Date "1998.04.??"]
[Round "?"]
[White "Balcerak, Philipp"]
[Black "Schwertel, Hans"]
[Result "1-0"]
[WhiteElo "1785"]
[BlackElo "1925"]

1.e4 d5 2.exd5 Qxd5 3.Nc3 Qd8 4.d4 c6 5.Nf3 Nf6 6.Be2 e6 7.O-O Be7 8.Bf4 O-O
9.Re1 Nd5 10.Nxd5 cxd5 11.Bd3 Nc6 12.c3 Bf6 13.Qc2 h6 14.Qd2 g5 15.Bg3 Kg7
16.Bc2 Bd7 17.Ne5 Nxe5 18.Rxe5 Rh8 19.Qd3 Bxe5 20.Bxe5+ f6 21.Qg6+ Kf8 22.Bxf6 Qxf6
23.Qxf6+ Kg8 24.Bg6 Rf8 25.Qe7 Bc8 26.Re1 b5 27.a4 a6 28.axb5 axb5 29.Ra1 h5
30.Ra7  1-0

[Event "Vorarlberg-ch"]
[Site "Hohenems"]
[Date "1998.05.01"]
[Round "7"]
[White "Grabher, Heinz"]
[Black "Kostic, Vladimir"]
[Result "1/2-1/2"]
[WhiteElo "2260"]
[BlackElo "2420"]

1.e4 d5 2.exd5 Qxd5 3.Nc3 Qd8 4.d4 Nf6 5.Nf3 Bf5 6.Bd3 Bxd3 7.Qxd3 c6 8.Bg5 Nbd7
9.O-O e6 10.Rfe1 Be7 11.Rad1 O-O 12.Ne5 Qc7 13.Qh3 Rad8 14.Rd3 Nxe5 15.dxe5 Rxd3
16.Qxd3 Nd5 17.Nxd5 cxd5 18.Bxe7 Qxe7 19.Qd4 b6 20.Re3  1/2-1/2

[Event "Presidents Cup"]
[Site "Elista"]
[Date "1998.05.09"]
[Round "1.5"]
[White "Tiviakov, Sergei"]
[Black "Galliamova, Alisa"]
[Result "1-0"]
[WhiteElo "2640"]
[BlackElo "2505"]

1.e4 d5 2.exd5 Qxd5 3.Nc3 Qd8 4.d4 g6 5.Nf3 Bg7 6.Bc4 Nh6 7.Bxh6 Bxh6 8.Ne5 O-O
9.O-O Nd7 10.Qe2 Nb6 11.Rad1 Nxc4 12.Qxc4 Bf5 13.Qb3 Rb8 14.Rfe1 Qd6 15.Ne4 Bxe4
16.Rxe4 Bg7 17.c3 e6 18.Rde1 b6 19.Qc4 c5 20.dxc5 bxc5 21.Nd3 Qd5 22.b3 Rfd8
23.Nxc5 Qxc4 24.Rxc4 Rd2 25.Ra4 Rc2 26.Ne4 f5 27.Ng5 Bxc3 28.Rf1 Rd8 29.Nxe6 Rdd2
30.Rxa7 Re2 31.Ra8+ Kf7 32.Ng5+ Kf6 33.h4 Bd4 34.Ra6+ Ke7 35.Nh3 Rxa2 36.Rxa2 Rxa2
37.Rd1 Bb6 38.g3 h6 39.Rd5 Rb2 40.Rb5 Bd4 41.h5 gxh5 42.Rxf5 Rxb3 43.Kg2 h4
44.gxh4 Bf6 45.Nf4 Bd4 46.f3 Rb2+ 47.Kh3 Ra2 48.Kg4 Bf2 49.Kh5 Ra4 50.Ng6+ Ke6
51.Rf8 Rb4 52.f4 Ra4 53.Kxh6 Bc5 54.f5+ Kd5 55.Rd8+ Ke4 56.f6 Ra7 57.Re8+ Kd5
58.Ne7+ Bxe7 59.Rxe7  1-0

[Event "Russian Club Cup"]
[Site "Maikop"]
[Date "1998.06.13"]
[Round "11"]
[White "Galkin, Alexander"]
[Black "Zaitsev, Vadim"]
[Result "1/2-1/2"]
[WhiteElo "2565"]
[BlackElo "2425"]

1.e4 d5 2.exd5 Qxd5 3.Nc3 Qd6 4.d4 Nf6 5.Nf3 a6 6.Be3 Nc6 7.Qd2 Bg4 8.Ng5 e6
9.f3 Bf5 10.a3 Be7 11.Bd3 Bxd3 12.Qxd3 Nd5 13.Nge4 Qd7 14.Nxd5 exd5 15.Nf2  1/2-1/2

[Event "White Nights op"]
[Site "St Petersburg"]
[Date "1998.06.24"]
[Round "5"]
[White "Grishanovich, Stanislav"]
[Black "Zaitsev, Vadim"]
[Result "0-1"]
[WhiteElo "2295"]
[BlackElo "2425"]

1.e4 d5 2.exd5 Qxd5 3.Nc3 Qd6 4.g3 Nf6 5.Bg2 Nc6 6.d3 e5 7.h3 Be7 8.Nf3 O-O
9.O-O Bf5 10.g4 Bg6 11.Nh4 Rad8 12.Nxg6 hxg6 13.Be3 Nd4 14.Qd2 c6 15.Rad1 Rfe8
16.Kh1 Ne6 17.Ne4 Qc7 18.Nxf6+ Bxf6 19.a4 Qe7 20.Rde1 Bh4 21.Bxa7 Ra8 22.Bb6 Bg5
23.Be3 Bf4 24.b3 Qh4 25.Bxf4 exf4 26.f3 Ng5 27.Rxe8+ Rxe8 28.Qxf4 Re2 29.Qh2 Ne6
30.f4 f5 31.c3 Re3 32.Rf3 Rxf3 33.Bxf3 Qe1+ 34.Qg1 Qxc3 35.Qe3 Qxb3 36.Kg2 Kf7
37.gxf5 gxf5 38.Kg3 Qxa4 39.Qe5 g6 40.h4 Qd4 41.h5 Qxe5 42.hxg6+ Kxg6 43.fxe5 Nd4
44.Bd1 Kg5 45.Kh3 Kf4  0-1

[Event "Wch (Men) U26"]
[Site "Rotterdam"]
[Date "1998.08.12"]
[Round "2"]
[White "Matsuo, Tomohiko"]
[Black "Jirovsky, Milos"]
[Result "0-1"]
[WhiteElo "2205"]
[BlackElo "2435"]

1.e4 d5 2.exd5 Qxd5 3.Nc3 Qd6 4.d4 Nf6 5.Bc4 a6 6.Nge2 b5 7.Bb3 Bb7 8.O-O Nbd7
9.Ng3 g6 10.Be3 Bg7 11.Qe2 c5 12.dxc5 Qc6 13.f3 Nxc5 14.Bxc5 Qxc5+ 15.Kh1 O-O
16.Rfe1 e6 17.Rad1 Rac8 18.Qd2 h5 19.Qf4 g5 20.Qd6 a5 21.a4 Qxd6 22.Rxd6 bxa4
23.Bxa4 h4 24.Nge4 Nxe4 25.Nxe4 Bxe4 26.Rxe4 Bxb2 27.Rg4 Bf6 28.g3 h3 29.Re4 Rfd8
30.Rxd8+ Rxd8  0-1

[Event "FRA-ch"]
[Site "Meribel"]
[Date "1998.08.14"]
[Round "1"]
[White "Chomet, Pascal"]
[Black "Bauer, Christian"]
[Result "0-1"]
[WhiteElo "2405"]
[BlackElo "2490"]

1.e4 d5 2.exd5 Qxd5 3.Nc3 Qd6 4.d4 Nf6 5.Nf3 a6 6.g3 Bg4 7.Bg2 e6 8.h3 Bh5
9.g4 Bg6 10.Ne5 Qb6 11.O-O c6 12.h4 Bd6 13.h5 Bxc2 14.Nc4 Qb4 15.Qe2 Bc7
16.a3 Qe7 17.g5 Bb3 18.gxf6 gxf6 19.Nd2 Bd5 20.Nxd5 cxd5 21.f4 Nc6 22.Nf3 Rg8
23.Be3 Kd7 24.Rad1 Rg3 25.Bf2 Rg4 26.Be3 Rag8 27.Rf2 Bxf4 28.Bxf4 Rxf4 29.b4 Kc7
30.Rc1 Qd6 31.Qb2 Kb8 32.Kf1 e5 33.dxe5 fxe5 34.Rxc6 Qxc6 35.Qxe5+ Qc7 36.Qe3 Re4
37.Qd2 Rge8 38.Kg1 Qd6 39.Nd4 Re1+ 40.Rf1 Qg3 41.Nf5 Rxf1+ 42.Kxf1 Qxa3 43.Kf2 Re5
44.Nd4 f6 45.Bf3 Ka8 46.Ne2 Qa4 47.Qf4 Qc6 48.h6 Qd6 49.Qg4 Rg5 50.Qc8+ Ka7
51.Qc3 Qb6+ 52.Nd4 Re5 53.Kg3 Kb8 54.Bg4 Re4 55.Qc8+ Ka7 56.Nf3 Qd6+ 57.Kf2 Rxb4
58.Bf5 Rb2+ 59.Ke3 Rb3+ 60.Kf2 Qb6+ 61.Kg3 Qg1+  0-1

[Event "Wch (Men) U26"]
[Site "Rotterdam"]
[Date "1998.08.20"]
[Round "9"]
[White "Bakhtadze, Giorgi"]
[Black "Ovetchkin, Roman"]
[Result "0-1"]
[WhiteElo "2395"]
[BlackElo "2485"]

1.e4 d5 2.exd5 Qxd5 3.Nc3 Qd6 4.Nf3 Nf6 5.Be2 c6 6.O-O Bf5 7.d4 Nbd7 8.Bg5 e6
9.Qd2 Qc7 10.Nh4 Bg6 11.Nxg6 hxg6 12.g3 Bd6 13.Bf3 O-O-O 14.Rab1 Nb6 15.Qe2 Rhe8
16.Bxf6 gxf6 17.Ne4 Be7 18.b4 f5 19.Nc5 e5 20.dxe5 Bxc5 21.bxc5 Nd7 22.Bg2 Rxe5
23.Qc4 Rf8 24.Rfd1 Rxc5 25.Qb4 Rb5 26.Rxd7 Kxd7 27.Rd1+ Ke8 28.Re1+ Re5 29.Rxe5+ Qxe5
30.Qxb7 Rh8 31.Bxc6+ Kf8 32.Bd5 Qe7 33.Qb2 Kg8 34.c4 Kh7 35.Kg2 Rc8 36.a4 a5
37.Qb6 Qd8 38.Qa7 Qc7 39.Qd4 Rb8 40.h4 Qe7 41.Qc3 f4 42.h5 gxh5 43.gxf4 f5
44.Qxa5 Qg7+ 45.Kh2 Rb1 46.Bg2 Qf6 47.Qc7+ Kg6 48.Qc6 Rb4 49.Qe8+ Kh6 50.Bd5 Qh4+
51.Kg2 Qg4+ 52.Kh2 Qxf4+ 53.Kg2 Qg5+ 54.Kh2 Qf6 55.Bf3 Rxc4 56.Qxh5+ Kg7
57.Qe8 Rf4 58.Qd7+ Kg6 59.Kg2 Rc4 60.Qe8+ Kh6 61.a5 Rc2 62.Qe3+ Kg6 63.Qe8+ Kg7
64.Qd7+ Kh6 65.a6 Qg6+ 66.Kf1 Qxa6+ 67.Kg2 Qg6+ 68.Kf1 Qb6 69.Be2 Qf6 70.Qd3 Rc1+
71.Kg2 Rc3 72.Qd2+ Kg6 73.Qf4 Qg5+ 74.Qxg5+ Kxg5 75.Bf3 Kf4 76.Bd5 Rc7 77.Ba8 Rc3
78.Bd5 Kg4 79.Be6 Rc5 80.Bb3 Kf4 81.Be6 Ke4 82.Ba2 Rb5 83.Bc4 Rb7 84.Be2 Rg7+
85.Kf1 f4 86.Bb5 f3 87.Bc6+ Kf4 88.Bd5 Ra7  0-1

[Event "Festuge M1"]
[Site "Aarhus"]
[Date "1998.09.05"]
[Round "3"]
[White "Skytte, Rasmus"]
[Black "Jensen, Vagn"]
[Result "1-0"]
[WhiteElo "2215"]
[BlackElo "2270"]

1.e4 d5 2.exd5 Qxd5 3.Nc3 Qd6 4.d4 Nf6 5.Bc4 a6 6.Nge2 b5 7.Bf4 Qd8 8.Bb3 Bb7
9.O-O e6 10.Ng3 c5 11.dxc5 Qxd1 12.Raxd1 Bxc5 13.Rfe1 O-O 14.a4 b4 15.Nce4 Nxe4
16.Nxe4 Bxe4 17.Rxe4 Nc6 18.Rc4 Rfd8 19.Rxd8+ Rxd8 20.g3 Rd5 21.Be3  1-0

[Event "Politiken zt"]
[Site "Munkebo"]
[Date "1998.09.11"]
[Round "1.2"]
[White "Hall, Jesper"]
[Black "Gausel, Einar"]
[Result "1/2-1/2"]
[WhiteElo "2485"]
[BlackElo "2540"]

1.e4 d5 2.exd5 Qxd5 3.Nc3 Qd6 4.d4 Nf6 5.Bc4 a6 6.Nf3 b5 7.Bd3 Bb7 8.Qe2 Nbd7
9.a4 b4 10.Ne4 Nxe4 11.Bxe4 Bxe4 12.Qxe4 c6 13.O-O e6 14.c4 bxc3 15.bxc3 Nf6
16.Qd3 Qc7 17.Ne5 Bd6 18.Re1 O-O 19.Qh3 c5 20.Bg5 Nd5 21.c4 Ne7 22.Nd3 Nf5
23.dxc5 Bxc5 24.Nxc5 Qxc5 25.Rac1 Rac8 26.Qc3 h6 27.Bf4 Rfd8 28.Re4 Qc6 29.Rce1 Rd1
30.f3 Qxa4 31.c5 Rxe1+ 32.Qxe1 Qb5 33.g4  1/2-1/2